[Event "24. European Club Cup 2008"]
[Site "Kallithea GRE"]
[Date "2008.10.19"]
[Round "3.15"]
[White "Siebrecht, Sebastian"]
[Black "D`costa, Lorin A"]
[Result "1-0"]
[WhiteElo "2451"]
[BlackElo "2411"]
[PlyCount "195"]
[EventDate "2008.10.17"]
[EventType "team-swiss"]
[EventRounds "7"]
[EventCountry "GRE"]
[Source "lmi"]
[SourceDate "2008.10.17"]
[WhiteTeam "Baden"]
[BlackTeam "Barbican"]

1. d4 Nf6 2. Nf3 e6 3. e3 b6 4. Bd3 Bb7 5. O-O c5 6. c4 Be7 7. Nc3 cxd4 8. exd4
d5 9. cxd5 Nxd5 10. Ne5 O-O 11. Qh5 g6 12. Qh3 Nc6 13. Bh6 Re8 14. Bb5 Rc8 15.
Rad1 Nxc3 16. bxc3 Qc7 17. Rfe1 Nxe5 18. Bxe8 Nf3+ 19. gxf3 Rxe8 20. f4 Qc4 21.
f5 Qd5 22. f3 Qxf3 23. Qxf3 Bxf3 24. Rd3 Bd5 25. fxe6 fxe6 26. Rde3 Bf8 27.
Bxf8 Rxf8 28. a3 Rc8 29. Kf2 Rc4 30. Ke2 Ra4 31. Ra1 Kg7 32. Kd2 b5 33. Kc2 Rc4
34. Rf1 Ra4 35. Ra1 Rc4 36. Re2 Rc7 37. Rf2 a5 38. Kd3 a4 39. Kd2 Bc4 40. Re1
Rd7 41. Re4 Bd5 42. Ref4 g5 43. Rf8 Kg6 44. Rb8 Bc4 45. Rff8 Kh5 46. Ke3 Kg4
47. Rbd8 Rc7 48. Rc8 Rd7 49. Rc5 Rg7 50. Rcc8 h5 51. Rg8 Re7 52. Ke4 Rf7 53.
Rcf8 Bd5+ 54. Ke3 Rc7 55. Rf4+ Kh3 56. Rxg5 Rxc3+ 57. Kf2 h4 58. Rh5 Rc2+ 59.
Ke3 Rc3+ 60. Kf2 Rc2+ 61. Ke1 Kg2 62. Rfxh4 Ra2 63. Rg5+ Kh1 64. Rh3 b4 65.
axb4 a3 66. Rg7 Ra1+ 67. Kf2 a2 68. Ra3 Rb1 69. Rga7 Rxb4 70. h4 Kh2 71. Ke3
Kg3 72. h5 Rb1 73. h6 Kg4 74. h7 Rh1 75. Rg7+ Kf5 76. Raa7 e5 77. dxe5 Be6 78.
Ra5 Rh3+ 79. Kf2 Rh1 80. Re7 Rh4 81. Ra6 Bd5 82. Ke3 Rh3+ 83. Kd2 Ke4 84. e6
Kf5 85. Rf7+ Ke5 86. Rd7 Bxe6 87. Re7 Kf5 88. Raa7 Kf6 89. Reb7 Rh2+ 90. Ke3
Kg6 91. Kf4 Kf6 92. Ra6 Rh4+ 93. Kg3 Rh3+ 94. Kg2 Rh5 95. Rbb6 a1=Q 96. Rxe6+
Kf7 97. Rxa1 Kxe6 98. Rh1 1-0

[Event "24. European Club Cup 2008"]
[Site "Kallithea GRE"]
[Date "2008.10.19"]
[Round "3.15"]
[White "Sulyok, Michael"]
[Black "Cox, John J"]
[Result "1/2-1/2"]
[WhiteElo "2227"]
[BlackElo "2381"]
[PlyCount "57"]
[EventDate "2008.10.17"]
[EventType "team-swiss"]
[EventRounds "7"]
[EventCountry "GRE"]
[Source "lmi"]
[SourceDate "2008.10.17"]
[WhiteTeam "Baden"]
[BlackTeam "Barbican"]

1. c4 c5 2. Nc3 Nf6 3. g3 e6 4. Nf3 b6 5. Bg2 Bb7 6. O-O a6 7. Re1 d6 8. e4 Be7
9. d4 cxd4 10. Nxd4 Qc7 11. Be3 Nbd7 12. f4 Rc8 13. Rc1 Qb8 14. Qe2 O-O 15. f5
e5 16. Nc2 b5 17. cxb5 axb5 18. Nb4 Rc4 19. Nbd5 Bxd5 20. Nxd5 Nxd5 21. exd5
Rfc8 22. b3 Rxc1 23. Rxc1 Rxc1+ 24. Bxc1 h6 25. Bf1 b4 26. Bd2 Bd8 27. Qb5 Qa7+
28. Kg2 Qxa2 29. Qxd7 1/2-1/2

[Event "24. European Club Cup 2008"]
[Site "Kallithea GRE"]
[Date "2008.10.19"]
[Round "3.16"]
[White "Zagorskis, Darius"]
[Black "Ansell, Simon T"]
[Result "1-0"]
[WhiteElo "2509"]
[BlackElo "2410"]
[PlyCount "81"]
[EventDate "2008.10.17"]
[EventType "team-swiss"]
[EventRounds "7"]
[EventCountry "GRE"]
[Source "lmi"]
[SourceDate "2008.10.17"]
[WhiteTeam "Vilnius"]
[BlackTeam "Betsson"]

1. c4 Nf6 2. d4 c5 3. d5 b5 4. cxb5 a6 5. b6 a5 6. Nc3 Ba6 7. e4 Bxf1 8. Kxf1
d6 9. Nf3 Nbd7 10. Qa4 Qxb6 11. e5 dxe5 12. Nxe5 Rb8 13. Nxd7 Nxd7 14. g3 Qa6+
15. Kg2 Rb4 16. Qc2 g6 17. a3 Rb7 18. Re1 Bg7 19. Bf4 O-O 20. Rxe7 Nb6 21. d6
Nc8 22. Rxb7 Qxb7+ 23. f3 g5 24. Bxg5 Nxd6 25. Rd1 Nc4 26. Bc1 Ne5 27. Qe4 Qxe4
28. Nxe4 c4 29. Nf2 Rc8 30. Bd2 a4 31. Bc3 f5 32. Rd5 Re8 33. f4 Nd3 34. Nxd3
Bxc3 35. bxc3 cxd3 36. Rxd3 Re2+ 37. Kh3 Ra2 38. Rd5 Rxa3 39. Rxf5 Rxc3 40. Ra5
Ra3 41. Kg4 1-0

[Event "24. European Club Cup 2008"]
[Site "Kallithea GRE"]
[Date "2008.10.19"]
[Round "3.16"]
[White "Webb, Laurence E"]
[Black "Malisauskas, Vidmantas"]
[Result "1-0"]
[WhiteElo "2347"]
[BlackElo "2479"]
[PlyCount "91"]
[EventDate "2008.10.17"]
[EventType "team-swiss"]
[EventRounds "7"]
[EventCountry "GRE"]
[Source "lmi"]
[SourceDate "2008.10.17"]
[WhiteTeam "Betsson"]
[BlackTeam "Vilnius"]

1. e4 c5 2. Nf3 d6 3. Bb5+ Nd7 4. d4 Ngf6 5. Nc3 cxd4 6. Qxd4 e5 7. Qd3 h6 8.
O-O a6 9. Bc4 b5 10. Bd5 Nxd5 11. Nxd5 Nb6 12. Nxb6 Qxb6 13. Be3 Qc6 14. Nd2
Be7 15. b3 Be6 16. c4 O-O 17. Rac1 Rfc8 18. Rfd1 Qb7 19. f3 Rc6 20. Rc2 Rac8
21. Rdc1 Bd8 22. cxb5 axb5 23. Nb1 Rxc2 24. Rxc2 Rxc2 25. Qxc2 b4 26. Nd2 Bb6
27. Nf1 d5 28. exd5 Bxd5 29. Qf2 Bxe3 30. Nxe3 Be6 31. Qd2 Qa7 32. h3 Qd4 33.
Qxd4 exd4 34. Nc2 d3 35. Ne3 g5 36. Kf2 Kg7 37. Ke1 Kf6 38. Kd2 Ke5 39. Kxd3 h5
40. Kd2 Kd4 41. Nc2+ Kc5 42. Ne1 Bf5 43. Nd3+ Bxd3 44. Kxd3 f5 45. h4 gxh4 46.
Ke3 1-0

[Event "24. European Club Cup 2008"]
[Site "Kallithea GRE"]
[Date "2008.10.19"]
[Round "3.16"]
[White "Dambrauskas, Virginijus"]
[Black "Eames, Robert S"]
[Result "1/2-1/2"]
[WhiteElo "2338"]
[BlackElo "2329"]
[PlyCount "58"]
[EventDate "2008.10.17"]
[EventType "team-swiss"]
[EventRounds "7"]
[EventCountry "GRE"]
[Source "lmi"]
[SourceDate "2008.10.17"]
[WhiteTeam "Vilnius"]
[BlackTeam "Betsson"]

1. Nf3 d5 2. d4 Nf6 3. c4 c6 4. Nc3 e6 5. cxd5 exd5 6. Qc2 g6 7. Bg5 Be7 8. e3
Bf5 9. Bd3 Bxd3 10. Qxd3 Nbd7 11. Bh6 Bf8 12. Bxf8 Kxf8 13. O-O Kg7 14. b4 a6
15. a4 b5 16. a5 Qe7 17. Qb1 Rhe8 18. Re1 Ne4 19. Nxe4 dxe4 20. Nd2 Nf6 21. Rc1
Rac8 22. Qb2 Nd5 23. Rc5 f5 24. Nf1 Kh6 25. Ng3 Rf8 26. Ne2 g5 27. Nc3 Nf6 28.
Ne2 Nd5 29. Nc3 Nf6 1/2-1/2

[Event "24. European Club Cup 2008"]
[Site "Kallithea GRE"]
[Date "2008.10.19"]
[Round "3.16"]
[White "Duncan, Chris"]
[Black "Novikov, Vitalij"]
[Result "1/2-1/2"]
[WhiteElo "2294"]
[BlackElo "2325"]
[PlyCount "86"]
[EventDate "2008.10.17"]
[EventType "team-swiss"]
[EventRounds "7"]
[EventCountry "GRE"]
[Source "lmi"]
[SourceDate "2008.10.17"]
[WhiteTeam "Betsson"]
[BlackTeam "Vilnius"]

1. Nf3 Nf6 2. c4 e6 3. Nc3 Bb4 4. Qc2 O-O 5. a3 Bxc3 6. Qxc3 d6 7. g3 b6 8. Bg2
Bb7 9. O-O Nbd7 10. b4 c5 11. Bb2 Rc8 12. d3 Re8 13. a4 d5 14. a5 Qc7 15. cxd5
exd5 16. e3 Nf8 17. Rfc1 Ne6 18. Qd2 Qe7 19. axb6 axb6 20. bxc5 bxc5 21. Ra7
Ra8 22. Bxf6 gxf6 23. Rca1 Rxa7 24. Rxa7 Ra8 25. Qa5 Rxa7 26. Qxa7 Qc7 27. Nd2
Bc6 28. Qa3 d4 29. e4 Qb7 30. h4 Qb4 31. Qa2 Qc3 32. Bf1 Bb5 33. Nc4 Bxc4 34.
Qxc4 Qxc4 35. dxc4 Kf8 36. f4 Ke7 37. Kf2 Kd6 38. Kf3 Ng7 39. Bh3 h6 40. Bg4
Ke7 41. Bc8 Kd8 42. Bh3 Ke7 43. Bc8 Kd8 1/2-1/2

[Event "24. European Club Cup 2008"]
[Site "Kallithea GRE"]
[Date "2008.10.19"]
[Round "3.16"]
[White "Rocius, Marijonas"]
[Black "Ledger, Dave J"]
[Result "0-1"]
[WhiteElo "2188"]
[BlackElo "2254"]
[PlyCount "74"]
[EventDate "2008.10.17"]
[EventType "team-swiss"]
[EventRounds "7"]
[EventCountry "GRE"]
[Source "lmi"]
[SourceDate "2008.10.17"]
[WhiteTeam "Vilnius"]
[BlackTeam "Betsson"]

1. c4 e5 2. Nc3 d6 3. g3 Nc6 4. Bg2 Be6 5. d3 Qd7 6. Rb1 g6 7. b4 Bg7 8. b5 Nd8
9. a4 Ne7 10. Nd5 O-O 11. e4 c6 12. bxc6 bxc6 13. Nxe7+ Qxe7 14. Ne2 c5 15. O-O
Nc6 16. Be3 Rab8 17. Qd2 Qd7 18. Nc3 Rb4 19. Rxb4 Nxb4 20. Ra1 Rb8 21. Qd1 Bf6
22. Bf3 Bd8 23. Qd2 Ba5 24. Rb1 Qd8 25. Bd1 Nc6 26. Rxb8 Qxb8 27. Qc1 Bxc3 28.
Qxc3 Qb1 29. Qb3 Qxb3 30. Bxb3 Nb4 31. f4 f6 32. fxe5 fxe5 33. d4 cxd4 34. Bd2
Nd3 35. Bc2 Nc5 36. Kg2 Bxc4 37. Kf3 Be6 0-1

[Event "24. European Club Cup 2008"]
[Site "Kallithea GRE"]
[Date "2008.10.19"]
[Round "3.17"]
[White "Volke, Karsten"]
[Black "Eliet, Nicolas"]
[Result "1/2-1/2"]
[WhiteElo "2454"]
[BlackElo "2435"]
[PlyCount "61"]
[EventDate "2008.10.17"]
[EventType "team-swiss"]
[EventRounds "7"]
[EventCountry "GRE"]
[Source "lmi"]
[SourceDate "2008.10.17"]
[WhiteTeam "Reichenstein"]
[BlackTeam "Charleroi"]

1. d4 Nf6 2. c4 e6 3. Nf3 d5 4. Nc3 c5 5. cxd5 Nxd5 6. e4 Nxc3 7. bxc3 cxd4 8.
cxd4 Bb4+ 9. Bd2 Bxd2+ 10. Qxd2 O-O 11. Bc4 Nd7 12. O-O b6 13. d5 Nf6 14. dxe6
Bxe6 15. Bxe6 Qxd2 16. Nxd2 fxe6 17. f3 Rfd8 18. Nb3 Rac8 19. Rfc1 e5 20. Kf2
Kf7 21. Ke3 Ke6 22. a4 Nd7 23. a5 b5 24. h4 h5 25. g3 a6 26. f4 g6 27. Rab1 Rf8
28. Nd2 Nf6 29. Nb3 Nd7 30. Nd2 Nf6 31. Nb3 1/2-1/2

[Event "24. European Club Cup 2008"]
[Site "Kallithea GRE"]
[Date "2008.10.19"]
[Round "3.17"]
[White "Laurent, Bruno"]
[Black "Heimann, Andreas"]
[Result "1/2-1/2"]
[WhiteElo "2370"]
[BlackElo "2428"]
[PlyCount "72"]
[EventDate "2008.10.17"]
[EventType "team-swiss"]
[EventRounds "7"]
[EventCountry "GRE"]
[Source "lmi"]
[SourceDate "2008.10.17"]
[WhiteTeam "Charleroi"]
[BlackTeam "Reichenstein"]

1. e4 e5 2. Bc4 Nf6 3. d3 c6 4. Nf3 Be7 5. Bb3 O-O 6. O-O d6 7. Re1 Nbd7 8. c3
h6 9. d4 Re8 10. Nbd2 Bf8 11. h3 Nb6 12. Bc2 Qc7 13. Nf1 g6 14. Ng3 Bg7 15. Nh2
exd4 16. cxd4 c5 17. Bf4 cxd4 18. Rc1 Qe7 19. Nf3 Bd7 20. Nxd4 Nfd5 21. exd5
Qxe1+ 22. Qxe1 Rxe1+ 23. Rxe1 Bxd4 24. Bxd6 Bxb2 25. Bb3 Re8 26. Rxe8+ Bxe8 27.
Bf4 Kg7 28. Ne4 Nc8 29. Bc7 b6 30. Bc4 Bd7 31. Kf1 f5 32. Nd2 Kf6 33. Ke2 Be5
34. Bd8+ Kf7 35. Bb3 Ke8 36. Nf3 Bb5+ 1/2-1/2

[Event "24. European Club Cup 2008"]
[Site "Kallithea GRE"]
[Date "2008.10.19"]
[Round "3.17"]
[White "Kuehn, Peter Dr"]
[Black "Bauduin, Etienne"]
[Result "1-0"]
[WhiteElo "2446"]
[BlackElo "2309"]
[PlyCount "79"]
[EventDate "2008.10.17"]
[EventType "team-swiss"]
[EventRounds "7"]
[EventCountry "GRE"]
[Source "lmi"]
[SourceDate "2008.10.17"]
[WhiteTeam "Reichenstein"]
[BlackTeam "Charleroi"]

1. d4 e6 2. g3 d5 3. Bg2 f5 4. c4 c6 5. Nh3 Nf6 6. O-O Bd6 7. b3 O-O 8. Ba3
Bxa3 9. Nxa3 Qe7 10. Qc1 Nbd7 11. Nf4 Ne4 12. f3 Nef6 13. cxd5 exd5 14. Re1 Re8
15. Nb1 Nf8 16. e3 g5 17. Nd3 Ng6 18. Nc3 Qg7 19. Qb2 h5 20. e4 fxe4 21. fxe4
dxe4 22. Nxe4 Nxe4 23. Bxe4 Bg4 24. Bxg6 Qxg6 25. Ne5 Qg7 26. Nxg4 hxg4 27. Re5
Rxe5 28. dxe5 Rd8 29. Re1 Rd5 30. Qe2 Qe7 31. e6 Rf5 32. Kh1 Rf3 33. Qe5 b5 34.
Kg2 c5 35. Qd5 Rf8 36. Re5 Rd8 37. Rxg5+ Kh7 38. Qf5+ Kh8 39. Rh5+ Qh7 40.
Qxh7# 1-0

[Event "24. European Club Cup 2008"]
[Site "Kallithea GRE"]
[Date "2008.10.19"]
[Round "3.17"]
[White "Akhayan, Ruben"]
[Black "Weindl, Alfred"]
[Result "1/2-1/2"]
[WhiteElo "2262"]
[BlackElo "2354"]
[PlyCount "88"]
[EventDate "2008.10.17"]
[EventType "team-swiss"]
[EventRounds "7"]
[EventCountry "GRE"]
[Source "lmi"]
[SourceDate "2008.10.17"]
[WhiteTeam "Charleroi"]
[BlackTeam "Reichenstein"]

1. e4 c5 2. Nf3 Nc6 3. d4 cxd4 4. Nxd4 Nf6 5. Nc3 d6 6. Bc4 e6 7. Be3 Be7 8.
Qe2 a6 9. O-O-O Qc7 10. Bb3 Na5 11. g4 b5 12. g5 Nxb3+ 13. axb3 Nd7 14. Nf5
exf5 15. Nd5 Qd8 16. exf5 Bb7 17. Rhe1 Bxd5 18. Rxd5 O-O 19. f6 Nxf6 20. gxf6
Bxf6 21. Kb1 Re8 22. Qd2 Qe7 23. Rd1 Be5 24. Bg5 f6 25. Bf4 Bxf4 26. Qxf4 Rad8
27. Qg3 Qe2 28. Rxd6 Qxd1+ 29. Rxd1 Rxd1+ 30. Ka2 Rd2 31. c3 b4 32. cxb4 Red8
33. h4 h5 34. Qc7 R8d6 35. Qc8+ Kh7 36. Qf5+ Kh6 37. Qf4+ Kg6 38. Qe4+ Kf7 39.
Qb7+ Kg8 40. Qc8+ Kh7 41. Qf5+ Kh6 42. Qf4+ Kg6 43. Qe4+ Kf7 44. Qb7+ Kg6
1/2-1/2

[Event "24. European Club Cup 2008"]
[Site "Kallithea GRE"]
[Date "2008.10.19"]
[Round "3.17"]
[White "Maier, Christian"]
[Black "Israel, Gregory"]
[Result "1-0"]
[WhiteElo "2328"]
[BlackElo "2159"]
[PlyCount "41"]
[EventDate "2008.10.17"]
[EventType "team-swiss"]
[EventRounds "7"]
[EventCountry "GRE"]
[Source "lmi"]
[SourceDate "2008.10.17"]
[WhiteTeam "Reichenstein"]
[BlackTeam "Charleroi"]

1. e4 c5 2. Nf3 e6 3. b3 d6 4. Bb2 Nf6 5. Nc3 Be7 6. d4 cxd4 7. Nxd4 Qa5 8. Bd3
d5 9. O-O Bb4 10. Nde2 O-O 11. a3 Be7 12. b4 Qd8 13. exd5 Nxd5 14. Nxd5 Qxd5
15. Nf4 Qd8 16. Bxh7+ Kxh7 17. Qh5+ Kg8 18. Rad1 Qe8 19. Bxg7 Kxg7 20. Qg4+ Kh6
21. Rd3 1-0

[Event "24. European Club Cup 2008"]
[Site "Kallithea GRE"]
[Date "2008.10.19"]
[Round "3.18"]
[White "Lehtinen, Heikki"]
[Black "Roeder, Matthias"]
[Result "1/2-1/2"]
[WhiteElo "2381"]
[BlackElo "2432"]
[PlyCount "55"]
[EventDate "2008.10.17"]
[EventType "team-swiss"]
[EventRounds "7"]
[EventCountry "GRE"]
[Source "lmi"]
[SourceDate "2008.10.17"]
[WhiteTeam "Tammer"]
[BlackTeam "Eynatten"]

1. d4 Nf6 2. c4 e6 3. Nc3 Bb4 4. Qc2 c5 5. dxc5 O-O 6. a3 Bxc5 7. Nf3 d5 8. Bg5
Be7 9. e3 h6 10. Bh4 Nbd7 11. Be2 dxc4 12. Bxc4 a6 13. Rd1 b5 14. Ba2 Qc7 15.
Bb1 Re8 16. Bg3 Qc6 17. Nd5 Qxc2 18. Nxe7+ Rxe7 19. Bxc2 Bb7 20. Ke2 Ne4 21.
Bd6 Nxd6 22. Rxd6 Rc8 23. Rd2 Nb6 24. Bb3 Bd5 25. Bxd5 Nxd5 26. Rhd1 Rec7 27.
g3 Kf8 28. Nd4 1/2-1/2

[Event "24. European Club Cup 2008"]
[Site "Kallithea GRE"]
[Date "2008.10.19"]
[Round "3.18"]
[White "Penttinen, Jarkko"]
[Black "Coenen, Norbert"]
[Result "1/2-1/2"]
[WhiteElo "2322"]
[BlackElo "2357"]
[PlyCount "80"]
[EventDate "2008.10.17"]
[EventType "team-swiss"]
[EventRounds "7"]
[EventCountry "GRE"]
[Source "lmi"]
[SourceDate "2008.10.17"]
[WhiteTeam "Tammer"]
[BlackTeam "Eynatten"]

1. c4 Nf6 2. g3 c5 3. Bg2 Nc6 4. Nc3 g6 5. Nf3 Bg7 6. O-O O-O 7. e4 Ne8 8. d3
Nc7 9. Be3 Ne6 10. Qd2 a6 11. Bh6 Rb8 12. Bxg7 Kxg7 13. a3 d6 14. b4 Ned4 15.
Nxd4 Nxd4 16. Ne2 e5 17. Nxd4 cxd4 18. c5 dxc5 19. bxc5 Qe7 20. Rfc1 Bd7 21.
Rab1 Rfc8 22. f4 Rxc5 23. Rxc5 Qxc5 24. fxe5 Qxe5 25. Rb4 a5 26. Rb1 Bc6 27.
Rc1 h5 28. Qb2 Rd8 29. Qb6 Qg5 30. Rf1 Rd7 31. Qb3 h4 32. gxh4 Qxh4 33. Qd1 Qg5
34. Rf3 Rc7 35. Rg3 Qe5 36. Qd2 Bd7 37. Rg5 Qf6 38. Rxa5 Rc3 39. Bf1 b6 40. Ra7
Be6 1/2-1/2

[Event "24. European Club Cup 2008"]
[Site "Kallithea GRE"]
[Date "2008.10.19"]
[Round "3.18"]
[White "Forster, Sven"]
[Black "Sisatto, Olli"]
[Result "1/2-1/2"]
[WhiteElo "2115"]
[BlackElo "2283"]
[PlyCount "48"]
[EventDate "2008.10.17"]
[EventType "team-swiss"]
[EventRounds "7"]
[EventCountry "GRE"]
[Source "lmi"]
[SourceDate "2008.10.17"]
[WhiteTeam "Eynatten"]
[BlackTeam "Tammer"]

1. Nf3 d5 2. d4 Nf6 3. c4 dxc4 4. e3 Bg4 5. Bxc4 e6 6. h3 Bh5 7. O-O Nc6 8. a3
Bd6 9. Nbd2 O-O 10. b4 a6 11. Qb3 e5 12. d5 Bxf3 13. Nxf3 Ne7 14. Bb2 Ng6 15.
Qc2 Qe7 16. Qf5 Rae8 17. g3 Qd7 18. Qxd7 Nxd7 19. e4 h6 20. Bd3 Ne7 21. Nh4 g5
22. Ng2 f5 23. Ne3 f4 24. Nc4 Nc8 1/2-1/2

[Event "24. European Club Cup 2008"]
[Site "Kallithea GRE"]
[Date "2008.10.19"]
[Round "3.19"]
[White "Mastrovasilis, Dimitrios"]
[Black "Skytte, Rasmus"]
[Result "1-0"]
[WhiteElo "2572"]
[BlackElo "2392"]
[PlyCount "137"]
[EventDate "2008.10.17"]
[EventType "team-swiss"]
[EventRounds "7"]
[EventCountry "GRE"]
[Source "lmi"]
[SourceDate "2008.10.17"]
[WhiteTeam "ESTH Thessaloniki"]
[BlackTeam "Aarhus"]

1. e4 c5 2. Nf3 Nc6 3. d4 cxd4 4. Nxd4 e5 5. Nb5 a6 6. Nd6+ Bxd6 7. Qxd6 Qf6 8.
Qd2 Nge7 9. c4 d6 10. Nc3 O-O 11. Bd3 Qg6 12. O-O f5 13. f3 Be6 14. b3 Rad8 15.
Nd5 Rf7 16. Bb2 fxe4 17. Nxe7+ Rxe7 18. Bxe4 Bf5 19. Bd5+ Kh8 20. Rad1 Red7 21.
f4 h6 22. Qe3 Nb4 23. Bf3 e4 24. Be2 Nd3 25. Bd4 d5 26. c5 Rf8 27. h3 Rdf7 28.
Kh2 Bd7 29. Bxd3 exd3 30. Rf3 Bf5 31. Rg3 Qh5 32. Qe5 Qe2 33. Qxe2 dxe2 34. Re1
Re8 35. Be5 Kh7 36. Rxe2 Be4 37. Bd4 g6 38. Rc3 Re6 39. Kg3 g5 40. fxg5 hxg5
41. Rf2 Rxf2 42. Bxf2 Kg6 43. b4 Kf5 44. Bd4 Bb1 45. Rf3+ Kg6 46. a4 Re4 47.
Rf6+ Kh7 48. Bc3 Re3+ 49. Rf3 Rxf3+ 50. Kxf3 Be4+ 51. Kf2 Bd3 52. Bd4 Kg6 53.
g4 Kf7 54. Be3 Kf6 55. Kg3 Bf1 56. Bd4+ Ke6 57. h4 gxh4+ 58. Kxh4 Be2 59. g5
Kf5 60. Be3 Kg6 61. Bd2 d4 62. Bc1 Kf5 63. Bb2 d3 64. Bc1 Bd1 65. b5 axb5 66.
axb5 Bb3 67. c6 b6 68. Kh5 Ke6 69. g6 1-0

[Event "24. European Club Cup 2008"]
[Site "Kallithea GRE"]
[Date "2008.10.19"]
[Round "3.19"]
[White "Sorensen, Jan"]
[Black "Mastrovasilis, Athanasios"]
[Result "1/2-1/2"]
[WhiteElo "2416"]
[BlackElo "2495"]
[PlyCount "95"]
[EventDate "2008.10.17"]
[EventType "team-swiss"]
[EventRounds "7"]
[EventCountry "GRE"]
[Source "lmi"]
[SourceDate "2008.10.17"]
[WhiteTeam "Aarhus"]
[BlackTeam "ESTH Thessaloniki"]

1. e4 e5 2. Bc4 Nf6 3. d3 Nc6 4. Nc3 Bb4 5. Nge2 d5 6. exd5 Nxd5 7. O-O Be6 8.
Bxd5 Bxd5 9. f4 Bxc3 10. bxc3 f6 11. c4 Bf7 12. fxe5 Nxe5 13. Ba3 Qd7 14. Qe1
O-O-O 15. Bb2 Ng4 16. Qg3 Rhe8 17. Nd4 Re3 18. Rf3 Rde8 19. h3 Rxf3 20. Qxf3
Ne5 21. Qg3 Nc6 22. Nb3 Bg6 23. Qf2 Qe7 24. Bc3 Qe2 25. Re1 Qxf2+ 26. Kxf2 Rxe1
27. Bxe1 b6 28. Bc3 Kd7 29. Ke3 Ne7 30. g4 h5 31. Nd4 c5 32. Ne2 hxg4 33. hxg4
Bf7 34. a3 Be6 35. Kf3 Ng6 36. Nf4 Nxf4 37. Kxf4 Bf7 38. Kf5 Ke7 39. Ke4 Bg6+
40. Ke3 Be8 41. g5 Ba4 42. gxf6+ gxf6 43. Kd2 Ke6 44. d4 f5 45. dxc5 bxc5 46.
Kd3 Bc6 47. Bd2 Be4+ 48. Kc3 1/2-1/2

[Event "24. European Club Cup 2008"]
[Site "Kallithea GRE"]
[Date "2008.10.19"]
[Round "3.19"]
[White "Iotov, Valentin"]
[Black "Jelling, Erik"]
[Result "1-0"]
[WhiteElo "2532"]
[BlackElo "2382"]
[PlyCount "51"]
[EventDate "2008.10.17"]
[EventType "team-swiss"]
[EventRounds "7"]
[EventCountry "GRE"]
[Source "lmi"]
[SourceDate "2008.10.17"]
[WhiteTeam "ESTH Thessaloniki"]
[BlackTeam "Aarhus"]

1. d4 f5 2. g3 Nf6 3. Bg2 g6 4. Nf3 Bg7 5. O-O O-O 6. Nbd2 d6 7. Re1 Nc6 8. e4
Nxe4 9. Nxe4 fxe4 10. Rxe4 Bf5 11. Rh4 e5 12. Bg5 Bf6 13. Bxf6 Qxf6 14. dxe5
dxe5 15. c3 Rad8 16. Qc1 Rd7 17. Qh6 Qg7 18. Qxg7+ Kxg7 19. g4 e4 20. gxf5 exf3
21. Bxf3 Rd2 22. Re1 Rxf5 23. Bxc6 bxc6 24. Re7+ Kf6 25. Rhxh7 Rxb2 26. h4 1-0

[Event "24. European Club Cup 2008"]
[Site "Kallithea GRE"]
[Date "2008.10.19"]
[Round "3.19"]
[White "Boe, Mads"]
[Black "Shavtvaladze, Nikoloz"]
[Result "0-1"]
[WhiteElo "2342"]
[BlackElo "2442"]
[PlyCount "82"]
[EventDate "2008.10.17"]
[EventType "team-swiss"]
[EventRounds "7"]
[EventCountry "GRE"]
[Source "lmi"]
[SourceDate "2008.10.17"]
[WhiteTeam "Aarhus"]
[BlackTeam "ESTH Thessaloniki"]

1. d4 Nf6 2. c3 e6 3. Bg5 c5 4. e3 b6 5. Nd2 Bb7 6. Ngf3 Be7 7. Bd3 d6 8. O-O
Nbd7 9. Qe2 a6 10. a4 cxd4 11. exd4 Nd5 12. Bxe7 Qxe7 13. g3 O-O 14. Qe4 N7f6
15. Qh4 h6 16. Rfe1 Qd7 17. Bf1 Bc6 18. a5 b5 19. Bg2 Ne7 20. g4 Ng6 21. Qg3
Nd5 22. Bf1 Ndf4 23. Nh4 Bb7 24. Ne4 Nxh4 25. Qxh4 f5 26. Ng3 fxg4 27. Qxg4 Rf6
28. Rad1 Raf8 29. d5 Bxd5 30. Rxd5 Nxd5 31. Qd4 Rf4 32. Qd1 Rxf2 33. Bh3 Nc7
34. Qd4 R2f4 35. Qa7 R8f7 36. Qb8+ Kh7 37. Qb7 Rh4 38. Bg2 d5 39. Qb6 Rf6 40.
Bf1 e5 41. Qe3 e4 0-1

[Event "24. European Club Cup 2008"]
[Site "Kallithea GRE"]
[Date "2008.10.19"]
[Round "3.19"]
[White "Zakarian, David"]
[Black "Jacobsen, Bo"]
[Result "0-1"]
[WhiteElo "2261"]
[BlackElo "2301"]
[PlyCount "102"]
[EventDate "2008.10.17"]
[EventType "team-swiss"]
[EventRounds "7"]
[EventCountry "GRE"]
[Source "lmi"]
[SourceDate "2008.10.17"]
[WhiteTeam "ESTH Thessaloniki"]
[BlackTeam "Aarhus"]

1. Nc3 c6 2. e4 b5 3. a3 g6 4. d4 Bg7 5. f4 d6 6. Be3 a6 7. Bd3 Nd7 8. Nf3 Bb7
9. O-O c5 10. e5 cxd4 11. Bxd4 Nh6 12. Qe2 O-O 13. Kh1 Nf5 14. Bxf5 gxf5 15.
Rad1 e6 16. exd6 Bxd4 17. Rxd4 Qf6 18. Ne5 Rad8 19. Rfd1 Qg7 20. R1d3 Kh8 21.
Rg3 Qf6 22. Kg1 Rg8 23. Rxg8+ Kxg8 24. Rd3 Kh8 25. Rh3 Nxe5 26. fxe5 Qg5 27.
Rg3 Qc1+ 28. Nd1 Be4 29. Rc3 Qf4 30. Rc5 Bd5 31. Rc7 Qd4+ 32. Nf2 Rg8 33. d7
Rxg2+ 34. Kf1 Rg8 35. Rc8 Bc4 36. Rxg8+ Kxg8 37. Nd3 Qxd7 38. Qg2+ Kf8 39. Ke2
Qd4 40. Qa8+ Kg7 41. Qg2+ Kh6 42. Qg3 Bxd3+ 43. cxd3 Qg4+ 44. Ke3 Qxg3+ 45.
hxg3 Kg5 46. Kf3 a5 47. b3 a4 48. b4 h6 49. d4 h5 50. Ke3 Kg4 51. Kf2 f4 0-1

[Event "24. European Club Cup 2008"]
[Site "Kallithea GRE"]
[Date "2008.10.19"]
[Round "3.19"]
[White "Ochsner, Bjorn Moller"]
[Black "Pambalos, Panayiotis"]
[Result "1-0"]
[WhiteElo "1974"]
[BlackElo "2137"]
[PlyCount "123"]
[EventDate "2008.10.17"]
[EventType "team-swiss"]
[EventRounds "7"]
[EventCountry "GRE"]
[Source "lmi"]
[SourceDate "2008.10.17"]
[WhiteTeam "Aarhus"]
[BlackTeam "ESTH Thessaloniki"]

1. e4 c5 2. Nf3 e6 3. d4 cxd4 4. Nxd4 Nf6 5. Nc3 d6 6. g4 e5 7. Bb5+ Bd7 8.
Bxd7+ Qxd7 9. Nf5 h5 10. gxh5 Nxh5 11. Bh6 Nc6 12. Qxh5 Ne7 13. Nxe7 Bxe7 14.
O-O-O Rxh6 15. Qe2 O-O-O 16. Kb1 Kb8 17. Nd5 g6 18. f3 Rh3 19. Rhg1 Rdh8 20.
Rg2 Bd8 21. Ne3 Qe6 22. Nd5 Qd7 23. a3 Qe6 24. Rd3 f5 25. Rd1 Qf7 26. Nc3 Bc7
27. Rd3 R8h4 28. Nb5 Rf4 29. b3 fxe4 30. fxe4 Rxd3 31. Qxd3 Rf6 32. Ka2 a6 33.
Nc3 Bb6 34. Qd5 Qf8 35. Qd2 Bd4 36. Nd5 Rf1 37. c3 Rf2 38. Rxf2 Qxf2 39. Qxf2
Bxf2 40. Kb2 g5 41. a4 Kc8 42. Kc2 g4 43. Nf6 g3 44. hxg3 Bxg3 45. Kd3 Kc7 46.
Nd5+ Kc6 47. Kc4 Bf2 48. Nb4+ Kd7 49. Nd3 Be3 50. Kd5 Bd2 51. c4 b6 52. b4 a5
53. bxa5 Bxa5 54. c5 bxc5 55. Nb2 Bc7 56. Nc4 Bb8 57. a5 Bc7 58. a6 Kc8 59. Kc6
Kb8 60. a7+ Kxa7 61. Kxc7 Ka6 62. Kc6 1-0